00587nam a22001811a 4500003000600000005001700006008004100023020001500064020001800079040001800097050002400115245010400139260004600243300005200289500001500341630002100356650002800377NEGST20240102162251.0030714s1965 001 0 eng d a996648051X a9789966480514 aDLCcDLCdDLC aBS 325b.K4916 196500aRiri nirio Ibuku riria itheru ria Ngai riitagwo Kirikaniro kiria gia tene na Kirikaniro kiria kieru aNairobi :bBible Society of Kenya,c1965. a1424 p., [8] leaves of plates : bill. ; 22 cm. a[Africana]00aBible. lGikuyu. aGikuyu languagevTexts.